Search UDS Library Collections


Principles of population studies (Record no. 758)

MARC details
000 -LEADER
fixed length control field 00575nam a22001937a 4500
003 - CONTROL NUMBER IDENTIFIER
control field UDS
005 - DATE AND TIME OF LATEST TRANSACTION
control field 20210928060604.0
008 - FIXED-LENGTH DATA ELEMENTS--GENERAL INFORMATION
fixed length control field 161117b xxu||||| |||| 00| 0 eng d
020 ## - INTERNATIONAL STANDARD BOOK NUMBER
International Standard Book Number 81-7040-910-1
040 ## - CATALOGING SOURCE
Transcribing agency LC
Original cataloging agency LC
Language of cataloging Eng.
Modifying agency LC
050 ## - LIBRARY OF CONGRESS CALL NUMBER
Classification number HB850.
Item number B36
100 ## - MAIN ENTRY--PERSONAL NAME
Author/Editor Bhende, Asha A. ; Tara Kanitkar
245 ## - TITLE STATEMENT
Title Principles of population studies
Statement of responsibility, etc. / Asha Bhende A. ; Tara Kanitkar
250 ## - EDITION STATEMENT
Edition statement 6th ed.
260 ## - PUBLICATION, DISTRIBUTION, ETC.
Place of publication, distribution, etc. India :
Name of publisher, distributor, etc. Himalaya Publishing House,
Date of publication, distribution, etc. 1994.
300 ## - PHYSICAL DESCRIPTION
Extent 503p. :
Other physical details ill.;
Dimensions 22cm
600 ## - SUBJECT ADDED ENTRY--PERSONAL NAME
Source of heading or term Demography.
General subdivision Population. Vital events
942 ## - ADDED ENTRY ELEMENTS (UDS ILS)
Source of classification or shelving scheme Library of Congress Classification
UDS Library item type Books
Holdings
Withdrawn status Lost status Source of classification or shelving scheme Damaged status Not for loan Home library Current library Shelving location Date acquired Total Checkouts Full call number Barcode Date last seen Date last checked out Price effective from Koha item type
    Library of Congress Classification     Nyankpala Central Library Nyankpala Central Library Book Cart 17/11/2016 2 HB850. B36 NYK-011611000730 07/10/2019 16/09/2019 17/11/2016 Books
    Library of Congress Classification     Nyankpala Central Library Nyankpala Central Library General Stacks 17/11/2016   HB850. B35 NYK-011611000734 17/11/2016   17/11/2016 Books